header

Comparative education : (Record no. 250417)

MARC details
000 -LEADER
fixed length control field 01128cam a22003134a 4500
001 - CONTROL NUMBER
control field 14056747
003 - CONTROL NUMBER IDENTIFIER
control field OSt
005 - DATE AND TIME OF LATEST TRANSACTION
control field 20151013092440.0
008 - FIXED-LENGTH DATA ELEMENTS--GENERAL INFORMATION
fixed length control field 050729s2007 njuab b 001 0 eng
010 ## - LIBRARY OF CONGRESS CONTROL NUMBER
LC control number 2005021868
020 ## - INTERNATIONAL STANDARD BOOK NUMBER
International Standard Book Number 0131719807 (pbk.)
040 ## - CATALOGING SOURCE
Original cataloging agency DLC
Transcribing agency DLC
Modifying agency DLC
042 ## - AUTHENTICATION CODE
Authentication code pcc
050 00 - LIBRARY OF CONGRESS CALL NUMBER
Classification number LB43
Item number .K85 2007
082 00 - DEWEY DECIMAL CLASSIFICATION NUMBER
Classification number 370/.9
Edition number 22
100 1# - MAIN ENTRY--PERSONAL NAME
Personal name Kubow, Patricia K.
245 10 - TITLE STATEMENT
Title Comparative education :
Remainder of title exploring issues in international context /
Statement of responsibility, etc Patricia K. Kubow, Paul R. Fossum.
250 ## - EDITION STATEMENT
Edition statement 2nd ed.
260 ## - PUBLICATION, DISTRIBUTION, ETC. (IMPRINT)
Place of publication, distribution, etc Upper Saddle River, NJ :
Name of publisher, distributor, etc Pearson/Merrill/Prentice Hall,
Date of publication, distribution, etc c2007.
300 ## - PHYSICAL DESCRIPTION
Extent x, 326 p. :
Other physical details ill., maps ;
Dimensions 23 cm.
504 ## - BIBLIOGRAPHY, ETC. NOTE
Bibliography, etc Includes bibliographical references and indexes.
650 #0 - SUBJECT ADDED ENTRY--TOPICAL TERM
Topical term or geographic name as entry element Comparative education.
Topical term or geographic name as entry element Education
Form subdivision Cross-cultural studies.
700 1# - ADDED ENTRY--PERSONAL NAME
Personal name Fossum, Paul R.
856 41 - ELECTRONIC LOCATION AND ACCESS
Materials specified Table of contents
Uniform Resource Identifier <a href="http://www.loc.gov/catdir/toc/ecip0517/2005021868.html">http://www.loc.gov/catdir/toc/ecip0517/2005021868.html</a>
906 ## - LOCAL DATA ELEMENT F, LDF (RLIN)
a 7
b cbc
c orignew
d 1
e ecip
f 20
g y-gencatlg
942 ## - ADDED ENTRY ELEMENTS (KOHA)
Source of classification or shelving scheme Library of Congress Classification
Koha item type Short Loan Books
Holdings
Withdrawn status Lost status Source of classification or shelving scheme Damaged status Not for loan Collection code Home library Current library Shelving location Date acquired Total Checkouts Full call number Barcode Date last seen Date checked out Price effective from Koha item type
    Library of Congress Classification     Non-fiction Rongo University Library Rongo University Library General Stacks 13/10/2015 2 LB43 .K85 2007 20090359 24/09/2018 20/09/2018 13/10/2015 Short Loan Books
    Library of Congress Classification     Non-fiction Rongo University Library Rongo University Library General Stacks 01/12/2015   LB43 .K85 2007 20090358 01/12/2015   01/12/2015 Short Loan Books

© 2026 Rongo University
Contact us: librarian | system librarian | Rongo university